|
|
|
|
| LEADER |
00000nab a2200000 a 4500 |
| 001 |
vtls001007351 |
| 003 |
SK-MaSNL |
| 005 |
20260318122057.0 |
| 008 |
040720e19990000xo 0 hun |
| 035 |
|
|
|a RV7951
|
| 040 |
|
|
|a RVGKPD
|b slo
|c RVGKPD
|e AACR2
|
| 041 |
0 |
|
|a slo
|
| 044 |
|
|
|a xo
|c SK
|
| 080 |
|
|
|a 801-051
|2 1981
|
| 080 |
|
|
|a 929 Arany, Adalbert László
|2 1981
|
| 100 |
1 |
|
|a Krausz, Zoltán,
|d 1923-1993
|4 aut
|9 58573
|
| 245 |
1 |
0 |
|a Már vártalak...
|b (Arany Bercire emlékezve)
|
| 300 |
|
|
|b 1 foto
|
| 545 |
|
|
|a Arany, Adalbert László, 1909-1967
|b 19.10.1909 alebo 19.9.1909 Betliar-14.10.1967 alebo 13.10. Rožňava
|
| 600 |
1 |
7 |
|a Arany, Adalbert Ladislav,
|d 1909-1967
|2 RVGKPD
|9 37335
|
| 651 |
|
7 |
|a Betliar (Slovensko)
|2 RVGKPD
|9 20285
|
| 651 |
|
7 |
|a Rožňava (Slovensko)
|2 RVGKPD
|9 17394
|
| 773 |
0 |
8 |
|t Rozsnyói Futár
|g Roč. 3, č.9 (1999), s. 5
|
| 852 |
|
|
|a ZVYKNI
|b KIS3GCP
|
| 999 |
|
|
|c 3000970
|d 3002900
|